ARRUPE JESUIT UNIVERSITY

CORONAVIRUS -STOP THE SPREAD - CLEAN,DISINFECT,COVER

Causeries du Lundi (Record no. 123754)

MARC details
000 -LEADER
fixed length control field 00477nam a22001457a 4500
008 - FIXED-LENGTH DATA ELEMENTS--GENERAL INFORMATION
fixed length control field 151105b xxu||||| |||| 00| 0 eng d
050 ## - LIBRARY OF CONGRESS CALL NUMBER
Classification number PQ2391.C22
100 ## - MAIN ENTRY--PERSONAL NAME
Personal name Sainte - Beuve
9 (RLIN) 20984
245 ## - TITLE STATEMENT
Title Causeries du Lundi
Statement of responsibility, etc /by Sainte - beuve; selected and edited by George Saintsbury
260 ## - PUBLICATION, DISTRIBUTION, ETC. (IMPRINT)
Place of publication, distribution, etc London
Name of publisher, distributor, etc Clarendon Press
Date of publication, distribution, etc 1885
300 ## - PHYSICAL DESCRIPTION
Extent 15p. ;
Dimensions 17cm.
440 ## - SERIES STATEMENT/ADDED ENTRY--TITLE
Title Clarendon Press series
9 (RLIN) 20985
700 ## - ADDED ENTRY--PERSONAL NAME
Personal name Saintbury George
Relator term editor
9 (RLIN) 20986
942 ## - ADDED ENTRY ELEMENTS (KOHA)
Source of classification or shelving scheme Library of Congress Classification
Item type Monograph ( Printed materials)
Holdings
Withdrawn status Lost status Source of classification or shelving scheme Damaged status Not for loan Collection code Home library Current library Shelving location Date acquired Total Checkouts Full call number Barcode Date last seen Price effective from Koha item type
    Library of Congress Classification     Main Collection ARRUPE LIBRARY ARRUPE LIBRARY Main Collection 05/11/2015   PQ2391.C22 80005002651 05/11/2015 05/11/2015 Monograph ( Printed materials)

 

Arrupe Library. PO Box MP320 Mt Pleasant, Harare, Zimbabwe
263 242 745411|librarian@aju.ac.zw